• 首页
  • 本馆介绍
  • 公告通知
  • 最新文献
  • 馆藏检索
  • 电子资源
  • 读者导购
  • 参考咨询
  • 我的图书馆
  • 登录
  • 详细信息显示
  • 放入我的书架
  • 预约/预借图书
  • 作者相关作品
  • 分类相关作品
  • 丛书相关作品
  • 出版社相关作品

书目信息

  • 表格格式
  • 工作单格式
  • 卡片格式
题名:
AMT控制技术
    
 
作者: 刘贻樟 著
分册:  
出版信息: 北京   机械工业出版社  2017
页数: XII, 328页
开本: 25cm
丛书名: 汽车技术创新与研发系列丛书
单 册:
中图分类: U463.212 , U472.41
科图分类:
主题词: 汽车--qi che--自动变速装置--基本知识
电子资源:
ISBN: 978-7-111-54221-6
000 01363nam 2200313 450
001 012001000339
005 20131105171134.0
010    @a978-7-111-54221-6@b精装@dCNY128.00
099    @aCAL 012017035988
100    @a20170323d2017 ekmy0chiy50 ea
101 0  @achi
102    @aCN@b110000
105    @aak a 000yy
106    @ar
200 1  @aAMT控制技术@Aamt kong zhi ji shu@d= AMT control technology@f刘贻樟著@zeng
210    @a北京@c机械工业出版社@d2017
215    @aXII, 328页@c图@d25cm
225 2  @a汽车技术创新与研发系列丛书@Aqi che ji shu chuang xin yu yan fa xi lie cong shu
320    @a有书目 (第328页)
330    @a本书是作者多年从事AMT研究工作的心血结晶。本书避免了空洞的理论介绍和烦琐的数学推导,从AMT控制的根本、实质阐述了AMT控制所面临的问题,如实报告而不只是提出了解决这些问题的实际具体方法。本书以实际测试数据为主,介绍了令AMT开发者感兴趣的方法,还提出了驾驶人在驾驶AMT车辆时应该注意的问题和如何享受AMT带来的乐趣。
333    @a汽车行业整车设计、研发人员,车辆工程专业学生,从事变速器研究、开发、生产和销售的人员
410  0 @12001 @a汽车技术创新与研发系列丛书
510 1  @aAMT control technology@zeng
606 0  @a汽车@Aqi che@x自动变速装置@x基本知识
690    @aU463.212@v5
690    @aU472.41@v5
701  0 @a刘贻樟@Aliu yi zhang@4著
801  0 @aCN@b北京卓展文化@c20191020
905    @b1195948-50@dU463.212@e834@f3
    
    AMT控制技术= AMT control technology/刘贻樟著.-北京:机械工业出版社,2017
    XII, 328页:图;25cm.-(汽车技术创新与研发系列丛书)
    使用对象:汽车行业整车设计、研发人员,车辆工程专业学生,从事变速器研究、开发、生产和销售的人员
    
    ISBN 978-7-111-54221-6(精装):CNY128.00
    本书是作者多年从事AMT研究工作的心血结晶。本书避免了空洞的理论介绍和烦琐的数学推导,从AMT控制的根本、实质阐述了AMT控制所面临的问题,如实报告而不只是提出了解决这些问题的实际具体方法。本书以实际测试数据为主,介绍了令AMT开发者感兴趣的方法,还提出了驾驶人在驾驶AMT车辆时应该注意的问题和如何享受AMT带来的乐趣。
●
相关链接 在E读中查询图书 在五车中查询图书 在当当中查询图书 在豆瓣中查询图书


正题名:AMT控制技术     索取号:U463.212/834         预约/预借

序号 登录号 条形码 馆藏地/架位号 状态 备注
1 1195948   211959488   第二样本阅览室/ [索取号:U463.212/834] 在馆    
2 1195949   211959497   第三借阅区/ [索取号:U463.212/834] 在馆    
3 1195950   211959503   第三借阅区/ [索取号:U463.212/834] 在馆    
唐山师范学院图书馆 欢迎您!
大连网信软件有限公司© 版权所有